000 00550nam a2200205 a 4500
001 000004497
005 20240513201349.0
008 090723s2006 dr 000 0 eng d
020 _a9993472905
020 _a9789993472902
040 _aDO-SdBNP
082 _a301
_bG934a
100 1 _aGuerrero, Joaquín
_913148
245 1 3 _aEl acuerdo universal :
_bhumanos /
_cJoaquín Guerrero.
260 _aSanto Domingo :
_bTaller,
_c2006.
300 _a143 p. ;
_c22 cm.
650 0 _aSociología
_91061
650 0 _aCambio social
_91661
049 _aBNPD
999 _c4306
_d4306